00313nam a22001217a 4500020001500000040000900015082001900024100002200043245003300065250001900098260004100117650003300158 a0471311227 cNUST a621.433bBAT'F aWilliam W. Bathie aFundamentals of Gas Turbines aSecond Edition aNew York:bJohn Wiley & Sons,c1996. 2Fundamentals of Gas Turbines